INFORMATION TECHNOLOGY HE BREAKING WAVE (Record no. 45130)

MARC details
000 -LEADER
fixed length control field 00479pam a2200169 a 4500
020 ## - INTERNATIONAL STANDARD BOOK NUMBER
Terms of availability paper back
041 ## - LANGUAGE CODE
Language code of text/sound track or separate title eng
082 ## - DEWEY DECIMAL CLASSIFICATION NUMBER
Classification number 004
Item number CUR / FOL
100 ## - MAIN ENTRY--PERSONAL NAME
Personal name CURTIN D.P., FOLEY K, SEN K AND MORIN C
245 ## - TITLE STATEMENT
Title INFORMATION TECHNOLOGY HE BREAKING WAVE
Medium Textual Documents
250 ## - EDITION STATEMENT
Edition statement 01-01-1998
260 ## - PUBLICATION, DISTRIBUTION, ETC.
Name of publisher, distributor, etc. TATA MC GRAW HILL PUB. CO. LTD.NEW DELHI-110 008
300 ## - PHYSICAL DESCRIPTION
Extent xx/300
Dimensions 27x21
500 ## - GENERAL NOTE
General note 2092
653 ## - INDEX TERM--UNCONTROLLED
Uncontrolled term INFORMATION SYSTEM SECURITY (B.E.)
930 ## - EQUIVALENCE OR CROSS-REFERENCE-UNIFORM TITLE HEADING [LOCAL, CANADA]
Uniform title 1900
Holdings
Withdrawn status Lost status Damaged status Not for loan Collection Home library Current library Shelving location Date acquired Source of acquisition Cost, normal purchase price Total Checkouts Full call number Barcode Date last seen Copy number Price effective from Koha item type
        EWP College of Engineering for Women, Pune College of Engineering for Women, Pune C-REF-1 11/03/2002 COLLEGE BOOK DEPOT, 195.00   004 CUR / FOL EWP-1973 24/02/2023 1 24/02/2023 Book